Statistics for Top 25 Travis Scott Songs

Click here to take the quiz!

General Stats

  • This quiz has been taken 453 times
  • The average score is 13 of 25

Answer Stats

NOAlbumAnswer% Correct
2ASTROWORLDSicko Mode
97%
6Birds in the Trap sing McKnightGoosebumps
88%
7RodeoAntidote
86%
15Rodeo90210
85%
20Rodeo3500
66%
4Birds in the Trap sing McKnightPick up the Phone
62%
25ASTROWORLDButterfly Effect
61%
13Days Before RodeoDrugs You Should Try It
59%
8Days Before RodeoMamacita
59%
5RodeoMaria I'm Drunk
58%
18ASTROWORLDCan't Say
56%
19ASTROWORLDYosemite
53%
12ASTROWORLDStop Trying To Be God
51%
17RodeoApple Pie
50%
23Birds in the Trap sing McKnightWay Back
49%
1RodeoOh My Dis Side
48%
10ASTROWORLDNo Bystanders
47%
11Birds in the Trap sing McKnightThrough the Late Night
43%
9Owl PharoahUpper Echelon
35%
22Days Before RodeoSkyfall
33%
3Days Before RodeoDon't Play
29%
14Days Before RodeoQuintana Pt 2
24%
24Days Before RodeoSloppy Toppy
24%
21Owl PharoahUptown
13%
16Birds in the Trap sing McKnightBiebs in the Trap
11%

Score Distribution

Percentile by Number Answered

Percent of People with Each Score

Your Score History

You have not taken this quiz